Books with Colors in the title - Statistics

General Stats
  • This quiz has been taken 68 times
  • The average score is 13 of 20
Answer Stats
Author Book Title Answer % Correct
Anna Sewell _____ Beauty Black
95%
Oscar Wilde The Picture of Dorian ____ Grey
95%
Stephen King The _____ Mile Green
94%
Alice Walker The Color ______ Purple
94%
Anthony Burgess A Clockwork ______ Orange
92%
Roald Dahl James and the Giant _____ Peach
91%
Nathaniel Hawthorne The _______ Letter Scarlet
89%
Dr. Seuss _____ Eggs & Ham Green
88%
Matthew Quick The ______ Linings Playbook Silver
88%
James Jones The Thin ___ Line Red
77%
Ian Fleming ____finger Gold
74%
Wilkie Collins The Woman in ______ White
74%
James Elroy _____ Dahlia Black
65%
Donna Tart The ____finch Gold
56%
John Steinbeck The ___ Pony Red
32%
Janet Fitch _____ Oleander White
32%
Martin Amis ______ Dog Yellow
26%
Joanne Harris Five Quarters of the ______ Orange
21%
Nicole Mary Kelby The ____ Suit Pink
15%
Stendhal The _____ and the _____ Red Black
15%
No matching quizzes found
Score Distribution
Percent of People with Each Score
Percentile by Number Answered
Your Score History
You have not taken this quiz